Los retardados escolares /

Guardado en:
Autor Principal: Schiaffino, Rafael
Formato: Libro
Publicado: Uruguay : Barreiro, 1921
Materias:
Etiquetas: Agregar Etiqueta
Sin Etiquetas, Sea el primero en etiquetar este registro!
LEADER 00453nam a22001695a 4500
001 CEM.cems005877
005 20060214000000.0
008 130507s1921##################000#0#####d
003 CEMS
082 0 4 |a 371.3 
100 1 |a Schiaffino, Rafael 
245 1 0 |a Los retardados escolares / 
260 |a Uruguay :  |b Barreiro,  |c 1921 
300 |a 68 p. 
653 |a Educacion 
653 |a Enseñanza especial 
859 |a CEMS  |b BIB. CEMS - 11 de abril  |h 371.3  |i Sc31  |p 9768.81  |t Ej.1